| 000 | 00479nam a2200157Ia 4500 | ||
|---|---|---|---|
| 003 | GCL | ||
| 008 | 140319s9999 xx 000 0 ara d | ||
| 040 |
_aGCL / _cGCL |
||
| 082 | 0 | 4 |
_aط _b372.52 _bع د |
| 100 | 1 | _aعبدالتواب يوسف | |
| 245 | 1 | 0 |
_aالنبات, الالعاب الرياضية / _cعبدالتواب يوسف |
| 490 |
_aدائرة المعارف الصغرى للتلوين _v0 |
||
| 650 | 0 | 4 | _aالاطفال |
| 650 | 0 | 4 | _aالرسم |
| 942 |
_2ddc _cBK |
||
| 999 |
_c43543 _d43543 |
||